000 00462nam a2200181Ia 4500
003 IN-BaIIA
008 211028s9999 xx 000 0 eng d
020 _a3-540-54196-9
040 _cIIA Library
080 _a524.3
_bSCH
100 _aSchatzman, E. L
_97228
245 4 _aThe stars
_c F. Praderie and E. L Schatzman
260 _aBerlin
_bSpringer-Verlag
_c1993
300 _axv, 402p.
650 _aStars
700 _aPraderie, F.
_918506
942 _cBK
999 _c11385
_d11385